000 01042nam a2200253Ia 4500
003 GCL
008 140319s9999 xx 000 0 ara d
020 _a2666208977
040 _aGCL /
_cGCL
082 0 4 _a956.708
_bر ع
100 1 _aرفعت سيد احمد
245 1 0 _aعلى مذبح الاحتلال فى العراق :
_bدراسة وثائقية فى ملفات : الاسلام - المقاومة - الاحتلال /
_cرفعت سيد احمد
250 _aالاولى
260 _aالقاهرة :
_bمكتبة مدبولى ،
_c2007
300 _a222 ص ؛
_c24 سم
650 0 4 _aالعراق - تاريخ - العصر الحديث
650 0 4 _aالعراق - الاحوال السياسية
650 0 4 _aالاعتداء الامريكى على العراق
650 0 4 _aالديمقراطية - العراق
650 0 4 _aالفساد السياسى - العراق
650 0 4 _aالفساد الاعلامى - العراق
650 0 4 _aالفساد الاجتماعى - العراق
942 _2ddc
_cBK
999 _c9509
_d9509